Click the Countries of Europe on a Map by Capitals - Statistics

General Stats
  • This quiz has been taken 97 times
  • The average score is 35 of 45
Answers on the Map
Answers color-coded by a green-red scale on the quiz's map according to % correct below.
 
Answer Stats
Answer % Correct
Stockholm
92%
Athens
90%
Bern
90%
Kyiv
90%
Warsaw
90%
Paris
88%
Rome
88%
Amsterdam
86%
Brussels
86%
Helsinki
86%
London
86%
Madrid
86%
Moscow
86%
Oslo
86%
Prague
86%
Berlin
85%
Monaco
85%
Lisbon
83%
San Marino
83%
Copenhagen
81%
Dublin
81%
Reykjavík
81%
Andorra La Vella
80%
Budapest
80%
Vatican City
80%
Luxembourg
78%
Vienna
78%
Sofia
76%
Minsk
75%
Riga
75%
Valletta
75%
Bucharest
73%
Sarajevo
73%
Zagreb
73%
Ljubljana
71%
Tallinn
71%
Chișinău
69%
Podgorica
68%
Tirana
68%
Belgrade
66%
Skopje
66%
Vilnius
66%
Pristina
64%
Bratislava
63%
Vaduz
58%
No matching quizzes found
Score Distribution
Percent of People with Each Score
Percentile by Number Answered
Your Score History
You have not taken this quiz